| 000 | 01998nam0a2200361 4500 | ||
|---|---|---|---|
| 001 | RU\NLR\bibl\460135 | ||
| 005 | 20260405100627.0 | ||
| 010 |
_a5-85859-173-6 _91000 |
||
| 021 |
_aRU _b2003-47903 _92302 |
||
| 035 | _a(NLR Aleph) 000453604 | ||
| 090 |
_a889457 _c889457 |
||
| 100 | _a20031117d2003 |||y0rusy50 ca | ||
| 101 | 0 | _arus | |
| 102 | _aRU | ||
| 105 | _aac ||||||||| | ||
| 200 | 1 |
_aИстория казачества на Урале _eУчеб. пособие для казачьих кл., лицеев, кадет. шк. _fВ.А. Иванов, С.М. Чугунов _gМ-во образования Рос. Федерации, Оренбург. гос. пед. ун-т |
|
| 210 |
_aОренбург _cИзд-во ОГПУ _d2003 |
||
| 215 |
_a231 с. _cил., портр. _d21 |
||
| 320 | _aБиблиогр.: с. 227 | ||
| 601 | 0 | 2 |
_aУральское казачье войско _jРуководства, пособия и т.п. для средней школы _xИстория _92308386 _3RU\NLR\auth\661381652 |
| 601 | 0 | 2 |
_aУральское казачье войско _jУчебные издания для средней школы _xИстория _92308386 _3RU\NLR\auth\661381652 |
| 606 | 0 |
_aУральское казачество _jРуководства, пособия и т.п. для средней школы _xИстория _92300745 _3RU\NLR\auth\661377473 |
|
| 606 | 0 |
_aУральское казачество _jУчебные издания для средней школы _xИстория _92300745 _3RU\NLR\auth\661377473 |
|
| 686 | _aЦ59,8(2)2-13я721 | ||
| 686 | _aТ3(2)0-294я721 | ||
| 700 | 1 |
_4070 _7ca _8rus _aИванов _bВ. А. _cд-р ист. наук _f1950- _gВладимир Александрович _919755 _3RU\NLR\auth\7736766 |
|
| 701 | 1 |
_aЧугунов _bС. М. _gСергей Михайлович _4070 |
|
| 801 | 0 |
_aRU _bNLR _c20031117 _gPSBO |
|
| 801 | 1 |
_aRU _bNLR _c20031117 |
|
| 942 | _cBOOK | ||
| 980 | _aNB | ||
| 980 | _aNBR | ||